000 00837nas a2200265 4500
001 BR9901771
003 BR-BrBNA
005 20231205101333.0
007 ta
008 230509b bl.|||p| |||| 00| 00por d
040 _aBR-BrBNA
_bpor
_cBiblioteca Nacional de Agricultura
041 _a(Pt)
072 _aH10
100 1 _aHickel, E.R.
100 1 _aSchuck, E.
100 1 _aDucroquet, J.P.H.J.
245 1 _aEfeito da fosfina no controle de perola-da-terra e no desenvolvimento de mudas frutiferas de clima temperado
650 _aFruta de Clima Temperado
650 _aMuda
650 _aPerola da Terra
650 _aControle Quimico
773 0 _tRevista Brasileira de Fruticultura (Brazil)
_xISSN 0100-2945
_g(1998), v. 20(1) p. 104-107
_wBR9901771
909 _a202311
_bLúcia
_c55
_dLúcia Elande
942 _2AGRIS
_n0
_cANA
999 _c161225
_d161225